[Event "Heraklion ESSNA op"]
[Site "Heraklion"]
[Date "1998.??.??"]
[Round "5"]
[White "Manai, Cl"]
[Black "Tegelidis, Petros"]
[Result "0-1"]
[WhiteElo "2190"]
[BlackElo "2115"]
[PlyCount "28"]
[EventDate "1998.??.??"]
[EventType "swiss"]
[EventRounds "9"]
[EventCountry "GRE"]
[SourceTitle "EXT 2004"]
[Source "ChessBase"]
[SourceDate "2003.11.25"]
[SourceVersion "1"]
[SourceVersionDate "2003.11.25"]
[SourceQuality "1"]

1. Nf3 d5 2. b3 Nf6 3. Bb2 e6 4. e3 Nbd7 5. Be2 b6 6. 0-0 Bb7 7. c4 Bd6 8. cxd5 Nxd5 9. Bxg7 Rg8 10. Bb2 Rxg2+ 11. Kxg2 Nc3 12. Nxc3 Qg5+ 13. Kh1 Bxf3+ 14. Bxf3 Qe5 0-1